[Event "Manizales op 26th"]
[Site "Manizales"]
[Date "2017.01.06"]
[Round "5"]
[White "Valencia Jimenez, Alejandro"]
[Black "Manrique, Jose Liberty"]
[Result "0-1"]
[WhiteElo "1478"]
[BlackElo "1499"]
[PlyCount "76"]
[EventDate "2017.01.04"]
[EventType "swiss"]
[EventRounds "9"]
[EventCountry "COL"]
[SourceTitle "CBM 176 Extra"]
[Source "ChessBase"]
[SourceDate "2017.03.02"]
[SourceVersion "1"]
[SourceVersionDate "2017.03.02"]
[SourceQuality "1"]

1. e4 e6 2. d4 c5 3. Nf3 Nf6 4. Nc3 b6 5. Bg5 h6 6. Bh4 g5 7. Bg3 Bb7 8. d5 exd5 9. exd5 d6 10. Be2 Nh5 11. Qd2 Nxg3 12. hxg3 Rg8 13. g4 Bg7 14. 0-0-0 Bc8 15. Qe3+ Kd7 16. Rde1 a6 17. Qd3 Kc7 18. Nd2 b5 19. Nde4 f5 20. gxf5 Bxf5 21. Nxc5 Bxd3 22. Ne6+ Kb6 23. Nxd8 Bxe2 24. Nxe2 Rxd8 25. Ng3 Be5 26. Nf5 h5 27. b3 Rf8 28. Ng3 Rxf2 29. Nxh5 Rxg2 30. Reg1 Rxg1+ 31. Rxg1 Nd7 32. Rxg5 Nc5 33. Ng7 Rf8 34. Ne6 Rf1+ 35. Kd2 Nxe6 36. dxe6 Bf4+ 37. Ke2 Bxg5 38. Kxf1 Kc5 0-1

[Event "Manizales-ch"]
[Site "Manizales"]
[Date "2016.09.11"]
[Round "9"]
[White "Valencia Jimenez, Alejandro"]
[Black "Morales, Ximena1111"]
[Result "0-1"]
[WhiteElo "1530"]
[BlackElo "1600"]
[PlyCount "92"]
[EventDate "2016.09.05"]
[EventType "swiss"]
[EventRounds "9"]
[EventCountry "COL"]
[SourceTitle "CBM 174 Extra"]
[Source "ChessBase"]
[SourceDate "2016.10.10"]
[SourceVersion "1"]
[SourceVersionDate "2016.10.10"]
[SourceQuality "1"]

1. e4 e5 2. Nf3 Nc6 3. d4 Nf6 4. Nc3 Bb4 5. Bd2 exd4 6. Ne2 Bc5 7. Bg5 h6 8. Bh4 g5 9. Bg3 Nxe4 10. Nexd4 Nxg3 11. hxg3 Qe7+ 12. Be2 g4 13. Nxc6 dxc6 14. Nh2 f5 15. Qd2 Bb4 16. c3 Bc5 17. f3 Qe3 18. Qxe3+ Bxe3 19. fxg4 fxg4 20. Bxg4 0-0 21. Bxc8 Raxc8 22. Ng4 Rce8 23. Nxe3 Rxe3+ 24. Kd2 Rxg3 25. Raf1 Rxg2+ 26. Kc1 Rxf1+ 27. Rxf1 Kg7 28. Rd1 Kg6 29. Rd7 Rg1+ 30. Kc2 b6 31. Rxc7 Kf5 32. Rxc6 h5 33. Rc7 a6 34. Rc6 Rg6 35. Rxg6 Kxg6 36. Kd3 h4 37. Ke3 Kg5 38. Kf3 Kf5 39. b4 b5 40. a3 Ke5 41. Kg4 Kd5 42. Kxh4 Kc4 43. Kg5 Kxc3 44. Kf5 Kb3 45. Ke5 Kxa3 46. Kd5 Kxb4 0-1

[Event "Manizales-ch"]
[Site "Manizales"]
[Date "2016.09.10"]
[Round "7"]
[White "Valencia Jimenez, Alejandro"]
[Black "Manrique, Jose Liberty"]
[Result "1-0"]
[WhiteElo "1530"]
[BlackElo "1549"]
[PlyCount "99"]
[EventDate "2016.09.05"]
[EventType "swiss"]
[EventRounds "9"]
[EventCountry "COL"]
[SourceTitle "CBM 174 Extra"]
[Source "ChessBase"]
[SourceDate "2016.10.10"]
[SourceVersion "1"]
[SourceVersionDate "2016.10.10"]
[SourceQuality "1"]

1. e4 e6 2. d4 g6 3. Nc3 Bg7 4. Nf3 Ne7 5. Bf4 0-0 6. Qd2 f5 7. e5 h5 8. h3 Nd5 9. Bg5 Qe8 10. Nxd5 exd5 11. 0-0-0 d6 12. Bd3 dxe5 13. dxe5 Be6 14. Nd4 c5 15. Nxe6 Qxe6 16. c4 d4 17. Be2 Nc6 18. Qc2 Nb4 19. Qb3 a5 20. a4 b5 21. f4 Kh7 22. g4 d3 23. Bxd3 Nxd3+ 24. Qxd3 bxc4 25. Qd5 Qb6 26. Qxc4 Rab8 27. Rh2 Qa7 28. Rc2 Rfc8 29. gxh5 Rb4 30. Qd3 c4 31. Qd7 Qe3+ 32. Qd2 Qxh3 33. hxg6+ Kh8 34. Qh2 Qxh2 35. Rxh2+ Kg8 36. Rd8+ Rxd8 37. Bxd8 Rxa4 38. Rd2 Ra1+ 39. Kc2 Rf1 40. Bg5 Rg1 41. Rd8+ Bf8 42. Bh6 Rg2+ 43. Kb1 Rxg6 44. Rxf8+ Kh7 45. Bg5 Kg7 46. Rf6 a4 47. Rxg6+ Kxg6 48. Ka2 Kf7 49. Ka3 Ke6 50. Kxa4 1-0

[Event "Manizales-ch"]
[Site "Manizales"]
[Date "2016.09.08"]
[Round "4"]
[White "Ramirez Arias, Jacobo"]
[Black "Valencia Jimenez, Alejandro"]
[Result "1-0"]
[WhiteElo "1281"]
[BlackElo "1530"]
[PlyCount "91"]
[EventDate "2016.09.05"]
[EventType "swiss"]
[EventRounds "9"]
[EventCountry "COL"]
[SourceTitle "CBM 174 Extra"]
[Source "ChessBase"]
[SourceDate "2016.10.10"]
[SourceVersion "1"]
[SourceVersionDate "2016.10.10"]
[SourceQuality "1"]

1. e4 e5 2. Nf3 Nf6 3. Bc4 Nc6 4. Nc3 h6 5. d3 d6 6. h3 Be7 7. Be3 Bd7 8. Qd2 a6 9. Nd5 b5 10. Nxf6+ Bxf6 11. Bd5 Rb8 12. a3 Ne7 13. Ba2 Bc6 14. Rc1 d5 15. exd5 Nxd5 16. Bc5 e4 17. dxe4 Bxb2 18. exd5 Bxc1 19. Qe2+ Kd7 20. Ne5+ Kc8 21. Nxc6 Re8 22. Ne7+ Kb7 23. Qe4 Qd7 24. 0-0 Rxe7 25. d6+ Qc6 26. Qxc6+ Kxc6 27. dxe7 Kxc5 28. Re1 Kc6 29. Rxc1 Kd7 30. c4 Kxe7 31. cxb5 axb5 32. Rxc7+ Kd6 33. Rxf7 Ra8 34. Rxg7 Rxa3 35. Rg6+ Kc5 36. Bf7 b4 37. Rxh6 b3 38. Bxb3 Rxb3 39. Rh5+ Kd6 40. Kh2 Ke6 41. Rg5 Kf6 42. Rg3 Rb8 43. Rf3+ Kg6 44. Kg3 Kh5 45. Rf4 Rg8+ 46. Rg4 1-0

[Event "Manizales-ch"]
[Site "Manizales"]
[Date "2016.09.05"]
[Round "1"]
[White "Valencia Jimenez, Alejandro"]
[Black "Dabraccio, Guillermo"]
[Result "0-1"]
[WhiteElo "1530"]
[BlackElo "1700"]
[PlyCount "34"]
[EventDate "2016.09.05"]
[EventType "swiss"]
[EventRounds "9"]
[EventCountry "COL"]
[SourceTitle "CBM 174 Extra"]
[Source "ChessBase"]
[SourceDate "2016.10.10"]
[SourceVersion "1"]
[SourceVersionDate "2016.10.10"]
[SourceQuality "1"]

1. e4 c5 2. d4 cxd4 3. c3 dxc3 4. Nxc3 Nc6 5. Nf3 g6 6. Bc4 e6 7. Bf4 a6 8. 0-0 Bg7 9. Rc1 Nge7 10. Qe2 0-0 11. Rfd1 Na5 12. Bb3 Nxb3 13. axb3 b5 14. Qe3 Nc6 15. Bh6 Qe7 16. Bxg7 Kxg7 17. Nd2 Bb7 0-1